ბათუმის შოთა რუსთაველის სახელმწიფო უნივერსიტეტის ბიბლიოთეკა

Deaf people and society : (ბიბ.ჩანაწერი № 57864)

000 -LEADER
fixed length control field 00959cam a22002298i 4500
001 - CONTROL NUMBER
control field 19070744
005 - DATE AND TIME OF LATEST TRANSACTION
control field 20221108164034.0
008 - FIXED-LENGTH DATA ELEMENTS--GENERAL INFORMATION
fixed length control field 160428s2017 nyu b 001 0 eng
020 ## - INTERNATIONAL STANDARD BOOK NUMBER
International Standard Book Number 9781138908147 (pbk : alk. paper) X
041 ## - LANGUAGE CODE
Language code of text/sound track or separate title eng
080 ## - UNIVERSAL DECIMAL CLASSIFICATION NUMBER
Universal Decimal Classification number 376.2 + 371 L-51
100 1# - MAIN ENTRY--PERSONAL NAME
Personal name Leigh, Irene
Relator term
9 (RLIN) 10578
245 10 - TITLE STATEMENT
Title Deaf people and society :
Remainder of title psychological, sociological and educational perspectives /
Statement of responsibility, etc. Irene W. Leigh and Jean F. Andrews.
250 ## - EDITION STATEMENT
Edition statement Second edition
264 #1 - PRODUCTION, PUBLICATION, DISTRIBUTION, MANUFACTURE, AND COPYRIGHT NOTICE
Place of production, publication, distribution, manufacture New York :
Name of producer, publisher, distributor, manufacturer Routledge,
Date of production, publication, distribution, manufacture, or copyright notice 2017.
300 ## - PHYSICAL DESCRIPTION
Extent 336 pages ;
Other physical details ill.,
Dimensions 25 cm.
653 ## - INDEX TERM--UNCONTROLLED
keyword ყრუ ხალხი და საზოგადოება
653 ## - INDEX TERM--UNCONTROLLED
keyword ფსიქოლოგიური, სოციოლოგიური და საგანმანათლებლო პერსპექტივები
653 ## - INDEX TERM--UNCONTROLLED
keyword პედაგოგიკა
700 1# - ADDED ENTRY--PERSONAL NAME
Personal name Andrews, Jean F.,
Relator term ავტორი
9 (RLIN) 10579
942 ## - ADDED ENTRY ELEMENTS (KOHA)
Source of classification or shelving scheme
Koha item type წიგნი
ეგზემპლარები
Withdrawn status Lost status Source of classification or shelving scheme Damaged status Not for loan Permanent Location Current Location Shelving location Date acquired Cost, normal purchase price Full call number Barcode Date last seen Copy number Price effective from Koha item type Public note
          ბათუმის შოთა რუსთაველის სახელმწიფო უნივერსიტეტის მთავარი ბიბლიოთეკა ბათუმის შოთა რუსთაველის სახელმწიფო უნივერსიტეტის მთავარი ბიბლიოთეკა წიგნსაცავი 2021-03-19 200.00 376.2 + 371 L-51 61253 2021-03-19 61253 2021-03-19 წიგნი 200 ლ.